Essential cell biology / (Record no. 729)

MARC details
000 -LEADER
fixed length control field 00832nam a22002777a 4500
005 - DATE AND TIME OF LATEST TRANSACTION
control field 20250420134822.0
008 - FIXED-LENGTH DATA ELEMENTS--GENERAL INFORMATION
fixed length control field 211111b ||||| |||| 00| 0 eng d
020 ## - INTERNATIONAL STANDARD BOOK NUMBER
International Standard Book Number 9780393680393
040 ## - CATALOGING SOURCE
Transcribing agency KCST
082 ## - DEWEY DECIMAL CLASSIFICATION NUMBER
Classification number 571.6
Item number Al Es
100 ## - MAIN ENTRY--PERSONAL NAME
Personal name Alberts, Bruce;
9 (RLIN) 5456
245 ## - TITLE STATEMENT
Title Essential cell biology /
Statement of responsibility, etc. Bruce Alberts; Karen Hopkin; Alexander Johnson; David Morgan; Martin Raff; Keith Roberts; Peter Walter
260 ## - PUBLICATION, DISTRIBUTION, ETC.
Place of publication, distribution, etc. New York:
Name of publisher, distributor, etc. Norton;
Date of publication, distribution, etc. 2019.
300 ## - PHYSICAL DESCRIPTION
Extent 734 p.
650 ## - SUBJECT ADDED ENTRY--TOPICAL TERM
Topical term or geographic name entry element Cytology.
9 (RLIN) 5457
650 ## - SUBJECT ADDED ENTRY--TOPICAL TERM
Topical term or geographic name entry element Molecular biology.
9 (RLIN) 1412
650 ## - SUBJECT ADDED ENTRY--TOPICAL TERM
Topical term or geographic name entry element Biochemistry.
9 (RLIN) 5458
700 ## - ADDED ENTRY--PERSONAL NAME
Personal name Hopkin, Karen
9 (RLIN) 5459
700 ## - ADDED ENTRY--PERSONAL NAME
Personal name Johnson, Alexander
9 (RLIN) 5460
700 ## - ADDED ENTRY--PERSONAL NAME
Personal name Morgan, David
9 (RLIN) 5461
700 ## - ADDED ENTRY--PERSONAL NAME
Personal name Raff, Martin
9 (RLIN) 5462
700 ## - ADDED ENTRY--PERSONAL NAME
Personal name Roberts, Keith
9 (RLIN) 5463
700 ## - ADDED ENTRY--PERSONAL NAME
Personal name Walter, Peter
9 (RLIN) 5464
942 ## - ADDED ENTRY ELEMENTS (KOHA)
Koha item type Book
942 ## - ADDED ENTRY ELEMENTS (KOHA)
Source of classification or shelving scheme Dewey Decimal Classification
Holdings
Withdrawn status Lost status Source of classification or shelving scheme Damaged status Not for loan Home library Current library Date acquired Cost, normal purchase price Total checkouts Full call number Barcode Date last seen Cost, replacement price Price effective from Koha item type
    Dewey Decimal Classification     KCST Library KCST Library 11/11/2021 26.57   571.6 Al Es 1000001001 11/11/2021 26.57 11/11/2021 Book
© 2025 KCST. All rights reserved